| 000 | 00834nam a2200241Ia 4500 | ||
|---|---|---|---|
| 003 | GCL | ||
| 008 | 140319s9999 xx 000 0 ara d | ||
| 020 | _a7550327977 | ||
| 040 |
_aGCL / _cGCL |
||
| 082 | 0 | 4 |
_a182 _bم ف |
| 100 | 1 | _aمجدى كيلانى | |
| 245 | 1 | 0 |
_aالفلسفة اليونانية من منظور معاصر / _cمجدى كيلانى |
| 260 |
_aالقاهرة : _bدار الوفاء لدنيا الطباعة والنشر ، _c2005 |
||
| 300 |
_a264 ص ؛ _c24 سم |
||
| 650 | 0 | 4 | _aالفلسفة |
| 650 | 0 | 4 | _aالفلسفة اليونانية |
| 650 | 0 | 4 | _aالفلاسفة - تراجم |
| 650 | 0 | 4 | _aالفلسفة - تاريخ |
| 650 | 0 | 4 | _aالفلاسفة اليونانيون |
| 650 | 0 | 4 | _aالفلسفة اليونانية - تاريخ |
| 650 | 0 | 4 | _aالسفسطائية |
| 942 |
_2ddc _cBK |
||
| 999 |
_c8298 _d8298 |
||